000 00671nam a2200229 u 4500
005 20221105063526.0
008 181121s2009 mx r 000 0 spa d
020 _a9789707775060
035 _aUPN01000227986
049 _aCG
050 4 _aRC455.4 L6.7
_bB8.2 2009
100 1 _aBucay, Jorge,
_d1949-
_934610
245 1 3 _aEl camino de las lágrimas /
_cJorge Bucay.
250 _a3a ed. corregida y aumentada
260 _aMéxico :
_bOcéano,
_c2009.
300 _a281 p.
440 0 _aHojas de ruta.
_pBiblioteca Jorge Bucay
650 2 _aLuto
_xAspectos psicológicos
_94353
650 4 _aPSICOTERAPIA DE APOYO
_96526
905 _aLibro
999 _c200081
_d200081